Memoirs of a Geisha (Record no. 350599)

000 -LEADER
fixed length control field 01400cam a2200397 a 4500
001 - CONTROL NUMBER
control field 3074374
003 - CONTROL NUMBER IDENTIFIER
control field OSt
005 - DATE AND TIME OF LATEST TRANSACTION
control field 20180116183021.0
008 - FIXED-LENGTH DATA ELEMENTS--GENERAL INFORMATION
fixed length control field 971022s1997 nyua 000 1 eng d
010 ## - LIBRARY OF CONGRESS CONTROL NUMBER
LC control number 97074747
020 ## - INTERNATIONAL STANDARD BOOK NUMBER
International Standard Book Number 0375400117
035 ## - SYSTEM CONTROL NUMBER
System control number (OCoLC)37689141
040 ## - CATALOGING SOURCE
Original cataloging agency OT
Transcribing agency OT
Modifying agency MoS
-- DLC
042 ## - AUTHENTICATION CODE
Authentication code lccopycat
043 ## - GEOGRAPHIC AREA CODE
Geographic area code a-ja---
050 00 - LIBRARY OF CONGRESS CALL NUMBER
Classification number PS3557.O35926
Item number M45 1997
082 00 - DEWEY DECIMAL CLASSIFICATION NUMBER
Classification number 813.54 GOL 1997
Edition number 21
100 1# - MAIN ENTRY--PERSONAL NAME
Personal name Golden, Arthur,
Dates associated with a name 1957-
245 10 - TITLE STATEMENT
Title Memoirs of a Geisha
Remainder of title a novel /
Statement of responsibility, etc. by Arthur Golden.
250 ## - EDITION STATEMENT
Edition statement 1st ed.
260 ## - PUBLICATION, DISTRIBUTION, ETC.
Place of publication, distribution, etc. New York :
Name of publisher, distributor, etc. Alfred A. Knopf,
Date of publication, distribution, etc. 1997.
300 ## - PHYSICAL DESCRIPTION
Extent 434 p.
Other physical details ill. ;
Dimensions 25 cm.
440 ## - SERIES STATEMENT/ADDED ENTRY--TITLE
Title Memoirs of a Geisha
590 ## - LOCAL NOTE (RLIN)
Local note LC copy has photo of author tipped-in.
600 ## - SUBJECT ADDED ENTRY--PERSONAL NAME
Personal name Golden, Arthur
650 #0 - SUBJECT ADDED ENTRY--TOPICAL TERM
Topical term or geographic name entry element Geishas
General subdivision Fiction.
650 #0 - SUBJECT ADDED ENTRY--TOPICAL TERM
Topical term or geographic name entry element Women
Geographic subdivision Japan
General subdivision Fiction.
651 #0 - SUBJECT ADDED ENTRY--GEOGRAPHIC NAME
Geographic name Japan
General subdivision History
Chronological subdivision 20th century
General subdivision Fiction.
655 #7 - INDEX TERM--GENRE/FORM
Genre/form data or focus term Historical fiction.
Source of term gsafd
856 42 - ELECTRONIC LOCATION AND ACCESS
Materials specified Contributor biographical information
Uniform Resource Identifier <a href="http://www.loc.gov/catdir/bios/random058/97074747.html">http://www.loc.gov/catdir/bios/random058/97074747.html</a>
856 41 - ELECTRONIC LOCATION AND ACCESS
Materials specified Sample text
Uniform Resource Identifier <a href="http://www.loc.gov/catdir/samples/random041/97074747.html">http://www.loc.gov/catdir/samples/random041/97074747.html</a>
856 42 - ELECTRONIC LOCATION AND ACCESS
Materials specified Publisher description
Uniform Resource Identifier <a href="http://www.loc.gov/catdir/description/random041/97074747.html">http://www.loc.gov/catdir/description/random041/97074747.html</a>
906 ## - LOCAL DATA ELEMENT F, LDF (RLIN)
a 7
b cbc
c copycat
d 2
e opcn
f 19
g y-gencatlg
942 ## - ADDED ENTRY ELEMENTS (KOHA)
Source of classification or shelving scheme
Koha item type Book
Holdings
Withdrawn status Lost status Source of classification or shelving scheme Damaged status Not for loan Collection code Permanent Location Current Location Shelving location Date acquired Total Checkouts Full call number Barcode Checked out Date last seen Date last checked out Price effective from Koha item type
      Damaged     Central Library (CL) Central Library (CL) General Stacks 11/20/2015 2 813.54 GOL 1997 NBSD-2202 10/20/2018 10/05/2018 10/05/2018 11/20/2015 Book
© 2023 Central Library, National University of Sciences and Technology. All Rights Reserved.